00856nam a2200265 i 450000500170000000800410001702000180005804000350007604100080011108200180011910000360013724500890017325000230026226400310028530000390031633600270035533700330038233800280041565000310044365000280047465000240050270000370052694200120056399900150057520220317000052.0141031s2008 sp a gs 000 0 spa d a9788497363815 aCO-BoRNBPbspacCO-BoRNBPerda0 aspa04a736.982bM85p1 aMuñoz Campos, Santiagoeautor10aPapiroflexia : animales y más ...cescrito e ilustrado por Santiago Muñoz Campos aPrimera edición  1aMadrid bLibro-Hobbyc2008 a68 páginasbilustracionesc28 cm atextobtxt2rdacontent asin mediaciónbn2rdamedia avolumenbnc2rdacarrier14aOrigamixEnseñanza2LEMB14aTrabajos en papel2LEMB14aPapiroflexia 2LEMB1 aMuñoz Campos, Santiago9126023 2ddccBK c3039d3039